Регионална библиотека "Любен Каравелов" - Русе

Шумът на върбите (Запис номер 145319)

MARC детайли
000 -Лидер
Контролно поле с фиксирана дължина nam a22 a 4500
003 - Код на организацията, давaща контролен номер
Контролно поле BLK
005 - Дата и час на последна редакция
Контролно поле 20230218162729.0
008 - Елементи от данни с фиксирана дължина
fixed length control field 180410b bul|||||r ||||||| ||bul||
010 ## - Наследен системен номер
LC control number KNG00151492000
040 ## - Източник на каталожния запис
Идентификатор на билиотеката - собственик на записа BLK
041 ## - Код за език
Код за езика на текст/звукозапис или на отделно заглавие Български
Код за езика КДБФ Български
080 ## - УДК
Текстов определител УДК Английска литература
УДК код - определител по УДК 821.111
УДК определител -93-32
УДК - код + определител 821.111-93-32
100 1# - Редна дума - Автор
Автор Грейъм, Кенет
Авторска отговорност първи автор
Автор - информация (биография) Греъм, Кенет
R(LIN) 256173
139 ## - Редно поле
Редна дума Греъм, Кенет
Авторски знак Грек - Г 80
245 10 - Сведения за заглавието
Заглавие Шумът на върбите
Подзаглавни данни Повест за деца
Редно поле (дума) * Кенет Греъм; Кенет Грейъм; прев. от англ. Христина Атанасова; прев. от англ. Богдан Боянов Атанасов; худож. Петър Панов Чуклев; послесл. от Христина Атанасова; послесл. от Богдан Боянов Атанасов.
250 ## - Област на изданието
Сведения за изданието Ново изд.
257 ## - Страна на издаване
Страна на създаване/издаване Великобритания
260 ## - Област на издателските данни
Място на издаване, разпространение и проч. София
Име на издателя, разпространителя и проч. Отечество
Година на издаване 1981
Печатница София : Балкан
300 ## - Физическа характеристика
Страници 320 с.
Илюстрации и др. с ил. : 1 л. портр.
Размери/Мащаб 24 см
380 ## - Жанр
Жанр Детска худож. лит.
490 ## - СЕРИИ (Колекции)
Име на серия Библиотека Вълшебници
9 (RLIN) 202267
500 ## - Общи забележки
Забележка 1. изд. 1966. - Ориг. загл. The Wind in the Willows. - Офс. изд. - 80 115 тир.
653 ## - Ключова дума – ненормативна
Ключова дума приказни повести
653 ## - Ключова дума – ненормативна
Ключова дума литература за деца
653 ## - Ключова дума – ненормативна
Ключова дума детска литература
700 1# - Други автори (авторска отговорност)
Лично име Греъм, Кенет
Автороска отговорност (Описва отношението между автора и произведението) *
9 (RLIN) 378560
700 1# - Други автори (авторска отговорност)
Лично име Атанасова, Христина
Автороска отговорност (Описва отношението между автора и произведението) прев. от англ.
9 (RLIN) 280580
700 1# - Други автори (авторска отговорност)
Лично име Атанасов, Богдан Боянов
Автороска отговорност (Описва отношението между автора и произведението) прев. от англ.
9 (RLIN) 323990
700 1# - Други автори (авторска отговорност)
Лично име Чуклев, Петър Панов
Автороска отговорност (Описва отношението между автора и произведението) худож.
9 (RLIN) 378888
700 1# - Други автори (авторска отговорност)
Лично име Атанасова, Христина
Автороска отговорност (Описва отношението между автора и произведението) послесл. от
9 (RLIN) 379937
700 1# - Други автори (авторска отговорност)
Лично име Атанасов, Богдан Боянов
Автороска отговорност (Описва отношението между автора и произведението) послесл. от
9 (RLIN) 379938
852 ## - Местоположение
Форматна сигнатура Цб 262608
856 4# - Електронен адрес и достъп
Електронен формат pdf - файл
Инструкция (цена за достъп) 1.46
Права за достъп disable
856 4# - Електронен адрес и достъп
Електронен формат pdf - файл
Инструкция (цена за достъп) 1.46
Права за достъп disable
999 ## - СИСТЕМНИ КОНТРОЛНИ НОМЕРА
Koha biblionumber 145319
Koha biblioitemnumber 145319
942 ## - АРТИКУЛИ
Вид на библиотечния материал Книги
Скрит в OPAC Не
Koha issues (borrowed), all copies 2
Периодичен библиозапис Да
944 ## - СЪЗДАВАНЕ И РЕДАКЦИЯ на ЗАПИСА
Създаване/Редакция Създаване
Дата на регистрацията/редакция 07.10.2013
Статус, дата на статуса ф / 07.10.2013
Служител, извършил регистрацията/редакцията Ивелин_Чалов
944 ## - СЪЗДАВАНЕ И РЕДАКЦИЯ на ЗАПИСА
Създаване/Редакция Редакция
Дата на регистрацията/редакция 25.09.2017
Статус, дата на статуса ф / 07.10.2013
Служител, извършил регистрацията/редакцията Кети_Илиева
999 ## - СИСТЕМНИ КОНТРОЛНИ НОМЕРА
Koha biblioitemnumber 145319
Наличности
Код за отписване Код за изгубен артикул Източник на класификационната схема Код за повреда Коз за рестрикции Код за отдаване Артикулен № Име на библиотеката - собственик Име на библиотеката, в която се намира в момента Статус (Текущо местоположение) Дата на вписване в системата Местоположение - отдел Цена в лева Инвентарен номер Систематично азбучна сигнатура Баркод Номер на екземпляра Цена в евро Служебна бележка Служебен тип на артикула Бележка за публиката
  Не е изгубен Universal Decimal Classification Не е повреден без рестрикции ползва се в читалня 241330 Регионална библиотека "Любен Каравелов" Русе Регионална библиотека "Любен Каравелов" Русе Хранилище 1981-01-01 Хранилище 1.46 322522 Цб 262608 120000322522 1 0.75 Дост: Dp Вид: Д N: стар фонд Дата: 01.01.1981 Книги  
  Не е изгубен Universal Decimal Classification Не е повреден без рестрикции заемане за дома 241331 Регионална библиотека "Любен Каравелов" Русе Регионална библиотека "Любен Каравелов" Русе Детски отдел 1981-01-01 Детски отдел 1.46 322843 ДХ 820/899/Г 80 120000322843 2 0.75 Дост: Pk Вид: Ф N: стар фонд Дата: 01.01.1981 Дата инв: 08.09.2015 Бележки инв: Д2015 Книги  
Изтеглен Не е изгубен   Не е повреден без рестрикции заемане за дома 241332 Регионална библиотека "Любен Каравелов" Русе Регионална библиотека "Любен Каравелов" Русе   1981-01-01 Детски отдел 1.46 389282 ДХ 820/899/Г 80 389282 3 0.75 Дост: Pk Вид: Ф N: стар фонд Дата: 01.01.1981 Дата инв: 08.09.2015 Бележки инв: Д2015 Книги Отч.N: 42/17 , Дата: 08.09.2017
Изтеглен Не е изгубен   Не е повреден без рестрикции заемане за дома 241333 Регионална библиотека "Любен Каравелов" Русе Регионална библиотека "Любен Каравелов" Русе   1981-01-01 Детски отдел 1.46 520612 ДХ 820/899/Г 80 520612 4 0.75 Дост: Pk Вид: Ф N: стар фонд Дата: 01.01.1981 Дата инв: 08.09.2015 Бележки инв: Д2015 Книги Отч.N: 46/17 , Дата: 04.10.2017
Изтеглен Не е изгубен Universal Decimal Classification Не е повреден без рестрикции заемане за дома 241334 Регионална библиотека "Любен Каравелов" Русе Регионална библиотека "Любен Каравелов" Русе Детски отдел 1981-01-01 Детски отдел 1.15 565628 ДХ 820/899/Г 80 565628 5 0.59 Дост: Pk Вид: Ф N: стар фонд Дата: 01.01.1981 Дата инв: 08.09.2015 Бележки инв: Д2015 Книги  
Изтеглен Не е изгубен   Не е повреден без рестрикции заемане за дома 241335 Регионална библиотека "Любен Каравелов" Русе Регионална библиотека "Любен Каравелов" Русе Детски отдел 1981-01-01 Детски отдел 2.40 624648 ДХ 820/899/Г 80 624648 6 1.23 Дост: DA Вид: А N: стар фонд Дата: 01.01.1981 Дата инв: 08.09.2015 Бележки инв: Д2015 Книги  
Изтеглен Не е изгубен   Не е повреден без рестрикции заемане за дома 241336 Регионална библиотека "Любен Каравелов" Русе Регионална библиотека "Любен Каравелов" Русе   1981-01-01 Детски отдел 2.40 633722 ДХ 820/899/Г 80 633722 7 1.23 Дост: DA Вид: А N: стар фонд Дата: 01.01.1981 Дата инв: 08.09.2015 Бележки инв: Д2015 Книги Отч.N: 35/2017 , Дата: 05.09.2017
Изтеглен Не е изгубен   Не е повреден без рестрикции заемане за дома 241337 Регионална библиотека "Любен Каравелов" Русе Регионална библиотека "Любен Каравелов" Русе   1981-01-01 Детски отдел 1.50 654960 ДХ 820/899/Г 80 654960 8 0.77 Дост: DA Вид: А N: стар фонд Дата: 01.01.1981 Дата инв: 08.09.2015 Бележки инв: Д2015 Книги Отч.N: 35/2017 , Дата: 05.09.2017
Изтеглен Не е изгубен   Не е повреден без рестрикции заемане за дома 241338 Регионална библиотека "Любен Каравелов" Русе Регионална библиотека "Любен Каравелов" Русе Детски отдел 2016-08-30 Детски отдел 16.00 120000803580 ДХ 820/899/Г 80 120000803580 9 8.18 Дост: DA Вид: А N: 33 Дата: 30.08.2016 Книги  
Vip Innovations Ltd, Rousse, Bulgaria 2025